| 000 | 00543nam a22001817a 4500 | ||
|---|---|---|---|
| 999 |
_c168490 _d168490 |
||
| 005 | 20191010174858.0 | ||
| 010 | _aENG-126646 | ||
| 020 |
_a9789380816807 _c195.00 |
||
| 035 | _aEN-110178 | ||
| 037 | _bDBAD/PUB | ||
| 082 | _a921 | ||
| 100 | _aMahatma Gandhi | ||
| 245 |
_aThe story of my experiments with truth / _cby Mahatma Gandhi |
||
| 260 |
_aNoida _bMaple Press _c2012 |
||
| 270 |
_aA-63, Sector 58 _bNoida, U.P. _e201301 _k4553583 _minfo@maplepress.co.in |
||
| 300 |
_a396p. _c22cm(pbk) |
||
| 942 |
_2ddc _cEN _h921 _mTHE |
||